000 00809nam a2200217 a 4500
001 000026762
005 20240318114955.0
008 110325s1989 dr r 000 0 spa d
040 _aDO-SdBNP
_bspa
_cBNPHU
082 _axxxx
_bI59p
110 2 _aInstituto de Estudios de Población y Desarrollo (República Dominicana)
_970393
245 1 0 _aPoblación y condición de la mujer en República Dominicana /
_cIsis Duarte... [et. al.].
260 _aSanto Domingo :
_bInstituto de Estudios de Población y Desarrollo,
_c[1989].
300 _a170 p. ;
_c29 cm.
490 1 _aEstudio
_v6
500 _aIncluye referencias bibliográficas y notas al pie de las páginas
700 1 _aBáez, Clara
_99467
700 1 _aGómez, Carmen Julia
_92077
700 1 _aAriza, Marina
_936597
830 0 _aEstudio
_n6
_953868
999 _c26254
_d26254